Кобальтословие или Описание красильнаго кобальта по званию, породам и месторождениям онаго и по добываемым при оном металлам, ископаемым, рудам и камням, также и о содержании онаго по опытному искусству, о употреблении его и о других случающихся при том обстоятельствах, с приобщением нужных для объяснения таблиц. Ч. 1 (Запись № 13488284)
[ простой вид ]
| 000 -МАРКЕР | |
|---|---|
| контрольное поле | 02596nam2a22002171 4500 |
| 001 - ИДЕНТИФИКАТОР ЗАПИСИ | |
| контрольное поле | RU\NLR\KADK\57669 |
| 005 - ИДЕНТИФИКАТОР ВЕРСИИ | |
| контрольное поле | 20251214191731.0 |
| 035 ## - ДРУГИЕ СИСТЕМНЫЕ НОМЕРА | |
| Идентификатор записи | (NLR Aleph) 009867396 |
| 100 ## - ДАННЫЕ ОБЩЕЙ ОБРАБОТКИ | |
| Данные общей обработки | 20020402d1778 u y0rusy50 ca |
| 101 1# - ЯЗЫК РЕСУРСА | |
| Язык текста, звукозаписи и т.д. | русский |
| Язык оригинала | немецкий |
| 200 0# - ЗАГЛАВИЕ И СВЕДЕНИЯ ОБ ОТВЕТСТВЕННОСТИ | |
| Основное заглавие | Ч. 1 |
| 215 ## - ФИЗИЧЕСКАЯ ХАРАКТЕРИСТИКА | |
| Специфическое обозначение материала и объем | [32], 200 с. |
| 461 #1 - УРОВЕНЬ НАБОРА | |
| Встроенное поле | 001RU\NLR\KADK\57668 |
| -- | 2000#$aКобальтословие или Описание красильнаго кобальта по званию, породам и месторождениям онаго и по добываемым при оном металлам, ископаемым, рудам и камням, также и о содержании онаго по опытному искусству, о употреблении его и о других случающихся при том обстоятельствах, с приобщением нужных для объяснения таблиц$fСочинено доктором Иоганном Готлобом Леманом, ... Королевской Прусской и Курмейнцской Академий наук ... членом$gПереведено с немецкаго языка обер бергмейстером Иваном Хемнитцером$gРазсматривано учрежденным при Горном училище собранием$vЧ. 1 |
| -- | 700#1$7ca$aЛеман$bИ.Г.$f1719-1767$gИоганн Готлоб$4070 |
| Системный номер (АБИС) связанной записи | 10407596 |
| Автор | Леман, И.Г. (1719-1767) |
| Место публикации | Печатано в Санктпетербурге [Санкт-Петербург] |
| Дата публикации | 1778 |
| Первые сведения об ответственности | Сочинено доктором Иоганном Готлобом Леманом, ... Королевской Прусской и Курмейнцской Академий наук ... членом |
| Имя издателя, распространителя и т.д. | При том же училище |
| Заглавие | Кобальтословие или Описание красильнаго кобальта по званию, породам и месторождениям онаго и по добываемым при оном металлам, ископаемым, рудам и камням, также и о содержании онаго по опытному искусству, о употреблении его и о других случающихся при том обстоятельствах, с приобщением нужных для объяснения таблиц |
| Номер тома | Ч. 1 |
| 801 #0 - ИСТОЧНИК ЗАПИСИ | |
| Страна | Российская Федерация |
| Организация | NLR |
| Дата составления | 20020402 |
| 852 ## - МЕСТОНАХОЖДЕНИЕ И ШИФР ХРАНЕНИЯ | |
| Идентификатор организации | NLR |
| Наименование фонда или коллекции (Sub-Location Identifier) | Б-ка 1-го Кадет. Корп. |
| Шифр хранения (Call Number) | Рэ ШК / Л-44 O2 |
| 942 ## - ДОПОЛНИТЕЛЬНЫЕ ЭЛЕМЕНТЫ ЗАПИСИ (АБИС) | |
| Тип экземпляра АБИС | Книга |
| 980 3# - КОЛЛЕКЦИЯ | |
| Название коллекции | Сканировано РГБ и региональными библиотеками |
| 980 ## - КОЛЛЕКЦИЯ | |
| Название коллекции | Библиотека 1-го Кадетского корпуса |
| 980 ## - КОЛЛЕКЦИЯ | |
| Название коллекции | Национальная библиография |
Нет доступных экземпляров.